LEADER 01116nam 2200385 450 001 9910157448203321 005 20230808200119.0 035 $a(CKB)3710000000911561 035 $a(MiAaPQ)EBC4722705 035 $a(EXLCZ)993710000000911561 100 $a20161104h20162016 uy 0 101 0 $aeng 135 $aurcnu|||||||| 181 $2rdacontent 182 $2rdamedia 183 $2rdacarrier 200 10$aLectures on measure and integration /$fHarold Widom ; notes by David Drasin and Anthony J. Tromba 210 1$aMineola, New York :$cDover Publications, Inc.,$d2016. 210 4$dİ2016 215 $a1 online resource (158 pages) 606 $aIntegrals, Generalized 606 $aMeasure theory 615 0$aIntegrals, Generalized. 615 0$aMeasure theory. 676 $a515.42 700 $aWidom$b Harold$0441162 702 $aDrasin$b D$g(David), 702 $aTromba$b Anthony J. 801 0$bMiAaPQ 801 1$bMiAaPQ 801 2$bMiAaPQ 906 $aBOOK 912 $a9910157448203321 996 $aLectures on measure and integration$92787942 997 $aUNINA